[Event "62nd ch-RUS w"]
[Site "Moscow RUS"]
[Date "2012.08.03"]
[Round "1"]
[White "Ovod, Evgenija"]
[Black "Kosintseva, Tatiana"]
[Result "0-1"]
[WhiteTitle "IM"]
[BlackTitle "GM"]
[WhiteElo "2419"]
[BlackElo "2530"]
[WhiteFideId "4131827"]
[BlackFideId "4133471"]
[EventDate "2012.08.03"]

1. d4 e6 2. c4 Nf6 3. Nc3 Bb4 4. f3 d5 5. a3 Bxc3+ 6. bxc3 c5 7. cxd5 Nxd5 8.
dxc5 Qa5 9. e4 Nf6 10. Be3 O-O 11. Qb3 Nfd7 12. Kf2 Qc7 13. Qb5 Na6 14. c6 bxc6
15. Qa4 Nac5 16. Qc2 Qa5 17. Ne2 Rb8 18. Nd4 Ne5 19. Kg3 Na4 20. f4 Rb2 21. Qc1
Ng6 22. Nxc6 Qh5 23. Nb4 Qh4+ 24. Kf3 f5 25. Bd2 fxe4+ 26. Kxe4 Bb7+ 27. Ke3
Qxf4+ 28. Ke2 Qf2+ 29. Kd1 Bxg2 30. Bxg2 Qxg2 31. Re1 Qg4+ 0-1

[Event "62nd ch-RUS w"]
[Site "Moscow RUS"]
[Date "2012.08.03"]
[Round "1"]
[White "Girya, Olga"]
[Black "Kosintseva, Nadezhda"]
[Result "1/2-1/2"]
[WhiteTitle "WGM"]
[BlackTitle "GM"]
[WhiteElo "2433"]
[BlackElo "2524"]
[WhiteFideId "4195752"]
[BlackFideId "4134974"]
[EventDate "2012.08.03"]

1. d4 Nf6 2. c4 e6 3. Nc3 Bb4 4. e3 O-O 5. Ne2 Re8 6. a3 Bf8 7. d5 d6 8. dxe6
Bxe6 9. Nf4 Bd7 10. Be2 Nc6 11. O-O Ne5 12. b3 c6 13. Bb2 a6 14. Qc2 b5 15. Rfd1
Qb6 16. Rab1 Rab8 17. Ba1 g6 18. cxb5 axb5 19. e4 Qa7 20. Bb2 Nfg4 21. Rf1 Bh6
22. Nd3 Be6 23. Nxe5 Nxe5 24. Qd1 Bf8 25. Na2 c5 26. Nc3 b4 27. axb4 Rxb4 28.
Nd5 Bxd5 29. Qxd5 Qb7 30. Qxb7 Rxb7 31. Bxe5 Rxe5 32. Bc4 Ra7 33. Bd5 Ree7 34.
b4 cxb4 35. Rxb4 Rec7 36. Rfb1 Be7 37. Rb6 Kg7 38. g3 Rc2 39. Rb7 Rc7 40. R7b6
Rc2 41. R1b3 Rd7 42. Rb7 Rcc7 43. Rxc7 Rxc7 44. Rb6 Rd7 45. Kg2 Bf6 46. f4 h5
47. Kf3 Bd4 48. Rc6 Kf8 49. h3 Bf6 50. Bc4 Ke7 51. Rc8 Ra7 52. g4 hxg4+ 53. hxg4
Bd4 54. Bd5 Ra3+ 55. Kg2 Rc3 56. Rb8 f6 57. Rb7+ Kd8 58. Rg7 Rc2+ 59. Kf3 Rc3+
60. Ke2 Re3+ 61. Kd2 Rf3 62. Rxg6 Rxf4 63. Kd3 Be5 64. Rg7 1/2-1/2

[Event "62nd ch-RUS w"]
[Site "Moscow RUS"]
[Date "2012.08.03"]
[Round "1"]
[White "Pogonina, Natalija"]
[Black "Ubiennykh, Ekaterina"]
[Result "1/2-1/2"]
[WhiteTitle "WGM"]
[BlackTitle "WIM"]
[WhiteElo "2448"]
[BlackElo "2367"]
[WhiteFideId "4147855"]
[BlackFideId "4137582"]
[EventDate "2012.08.03"]

1. e4 c6 2. d4 d5 3. e5 Bf5 4. Nf3 e6 5. Be2 Ne7 6. O-O h6 7. Nbd2 Nd7 8. Nb3 g5
9. Ne1 c5 10. Nxc5 Nxc5 11. dxc5 Nc6 12. Bd3 Bxc5 13. Bxf5 exf5 14. Nd3 Bb6 15.
Qh5 Nd4 16. c3 Ne6 17. Qf3 f4 18. Nb4 Nc7 19. Rd1 Qe7 20. Nxd5 Nxd5 21. Rxd5 O-O
22. Bd2 Rad8 23. c4 Rxd5 24. cxd5 Qxe5 25. Bc3 Qf5 26. g3 Re8 27. Rd1 Qc2 28. d6
Bxf2+ 29. Kf1 Bb6 30. d7 Rf8 31. gxf4 Qxh2 32. fxg5 hxg5 33. Qf6 Qh3+ 34. Ke2
Qe6+ 35. Qxe6 fxe6 36. Bb4 Rf2+ 37. Ke1 Rxb2 38. d8=Q+ Bxd8 39. Rxd8+ Kf7 40. a3
g4 41. Rd7+ Kg6 42. Re7 Kf5 43. Rxb7 g3 44. Rxa7 Rb1+ 1/2-1/2

[Event "62nd ch-RUS w"]
[Site "Moscow RUS"]
[Date "2012.08.03"]
[Round "1"]
[White "Galliamova, Alisa"]
[Black "Kovanova, Baira"]
[Result "1/2-1/2"]
[WhiteTitle "IM"]
[BlackTitle "WGM"]
[WhiteElo "2465"]
[BlackElo "2408"]
[WhiteFideId "4129725"]
[BlackFideId "4164083"]
[EventDate "2012.08.03"]

1. c4 c5 2. Nc3 Nc6 3. g3 g6 4. Bg2 Bg7 5. f4 d6 6. Nf3 e5 7. O-O Nge7 8. d3 O-O
9. Rb1 h6 10. a3 Bg4 11. h3 Be6 12. fxe5 dxe5 13. b4 cxb4 14. axb4 f5 15. e4
fxe4 16. Nxe4 b6 17. b5 Nd4 18. Ba3 a6 19. Bxe7 Qxe7 20. Nxd4 exd4 21. Rxf8+
Qxf8 22. Qf3 axb5 23. Qxf8+ Kxf8 24. Rxb5 Ra6 25. Nf2 Bd7 26. Rb2 Be5 27. Kh2 h5
28. h4 Bc7 29. c5 b5 30. Rc2 b4 31. Rb2 Ba5 32. Bb7 Re6 33. Ne4 Ke7 34. Bd5 Re5
35. Bc4 Bc6 36. Ra2 Bc7 37. Re2 Bxe4 38. Rxe4 Rxe4 39. dxe4 Kf6 40. Kg2 g5 41.
hxg5+ Kxg5 42. Kf3 Be5 43. Kf2 Bc7 44. Kf3 Be5 45. Kf2 Bc7 46. Kf3 Be5 47. Kf2 1/2-1/2

[Event "62nd ch-RUS w"]
[Site "Moscow RUS"]
[Date "2012.08.03"]
[Round "1"]
[White "Charochkina, Daria"]
[Black "Gunina, Valentina"]
[Result "1/2-1/2"]
[WhiteTitle "WGM"]
[BlackTitle "IM"]
[WhiteElo "2353"]
[BlackElo "2507"]
[WhiteFideId "4180917"]
[BlackFideId "4167570"]
[EventDate "2012.08.03"]

1. d4 d5 2. c4 c6 3. Nc3 Nf6 4. Nf3 dxc4 5. a4 Bf5 6. Nh4 Bc8 7. Nf3 Bf5 8. Nh4
Bc8 9. Nf3 Bf5 10. Nh4 Bc8 11. Nf3 Bf5 1/2-1/2

[Event "62nd ch-RUS w"]
[Site "Moscow RUS"]
[Date "2012.08.04"]
[Round "2"]
[White "Gunina, Valentina"]
[Black "Kosintseva, Nadezhda"]
[Result "1-0"]
[WhiteTitle "IM"]
[BlackTitle "GM"]
[WhiteElo "2507"]
[BlackElo "2524"]
[WhiteFideId "4167570"]
[BlackFideId "4134974"]
[EventDate "2012.08.03"]

1. d4 Nf6 2. c4 e6 3. Nf3 d5 4. Nc3 Bb4 5. cxd5 exd5 6. Bg5 h6 7. Bh4 c5 8. e3
c4 9. Be2 g5 10. Bg3 Ne4 11. Rc1 Qa5 12. Ne5 Nc6 13. O-O Bxc3 14. bxc3 O-O 15.
Bf3 Nxg3 16. fxg3 Nxe5 17. dxe5 Be6 18. Bh5 Qxa2 19. Rf6 Qb2 20. h4 Qb6 21. Qf3
Qc7 22. Rf1 Qxe5 23. Bxf7+ Bxf7 24. Rxf7 Rfe8 25. Qh5 Re6 26. R1f5 Qxe3+ 27. Kh2
Qe4 28. hxg5 Qe2 29. Rg7+ Kxg7 30. Qf7+ Kh8 31. g6 Rxg6 32. Qxg6 Qe7 33. Rf7
Qxf7 34. Qxf7 b6 35. Qg6 1-0

[Event "62nd ch-RUS w"]
[Site "Moscow RUS"]
[Date "2012.08.04"]
[Round "2"]
[White "Ubiennykh, Ekaterina"]
[Black "Galliamova, Alisa"]
[Result "1/2-1/2"]
[WhiteTitle "WIM"]
[BlackTitle "IM"]
[WhiteElo "2367"]
[BlackElo "2465"]
[WhiteFideId "4137582"]
[BlackFideId "4129725"]
[EventDate "2012.08.03"]

1. d4 d5 2. c4 dxc4 3. e3 Nf6 4. Bxc4 e6 5. Nf3 a6 6. O-O Nbd7 7. a4 c5 8. Nc3
Bd6 9. e4 cxd4 10. Qxd4 Qc7 11. h3 O-O 12. Bg5 Bc5 13. Qd3 Nh5 14. Ne2 h6 15.
Bd2 Rd8 16. Qc2 b6 17. b4 Bd6 18. Rac1 Bb7 19. Qb3 Qb8 20. Bxe6 fxe6 21. Qxe6+
Kh8 22. Bxh6 Nhf6 23. Ng5 Re8 24. Nf7+ Kg8 25. Qxd6 Kxf7 26. Rc7 gxh6 27. Ng3
Re6 28. Qf4 Bc6 29. Rd1 Kg8 30. Nf5 Qf8 31. Nd4 Rxe4 32. Qg3+ Qg7 33. Qxg7+ Kxg7
34. Nxc6 Kg6 35. Rdxd7 Nxd7 36. Rxd7 Rf8 37. Rd2 Rfe8 38. Rd3 R8e6 39. Nd4 Rd6
40. Rg3+ Kf7 41. Nf5 Rf6 42. Rf3 Kg6 43. g4 Rxb4 44. Rd3 Rxa4 45. Rd7 Rxf5 46.
gxf5+ Kxf5 47. Kg2 Rb4 48. Kg3 a5 49. Rf7+ Kg6 50. Ra7 a4 51. f4 Rb3+ 52. Kg4
h5+ 53. Kh4 a3 54. Ra8 b5 55. Ra6+ Kf5 56. Ra5 Ke4 57. Kg5 b4 58. f5 Rg3+ 59.
Kxh5 Rxh3+ 60. Kg6 Rg3+ 61. Kh6 Kd3 62. f6 Rf3 63. Kg6 Kc2 64. f7 Kb3 65. Rf5
Rxf5 66. Kxf5 a2 67. f8=Q a1=Q 68. Qg8+ Kb2 69. Qg2+ Kb3 70. Qd5+ Kc2 71. Qe4+
Kb3 72. Qd5+ 1/2-1/2

[Event "62nd ch-RUS w"]
[Site "Moscow RUS"]
[Date "2012.08.04"]
[Round "2"]
[White "Charochkina, Daria"]
[Black "Ovod, Evgenija"]
[Result "0-1"]
[WhiteTitle "WGM"]
[BlackTitle "IM"]
[WhiteElo "2353"]
[BlackElo "2419"]
[WhiteFideId "4180917"]
[BlackFideId "4131827"]
[EventDate "2012.08.03"]

1. e4 e5 2. Nf3 Nc6 3. d4 exd4 4. Nxd4 Bb4+ 5. c3 Bc5 6. Be3 Bb6 7. Nf5 g6 8.
Bxb6 axb6 9. Ne3 Nf6 10. f3 O-O 11. Be2 d6 12. c4 Nh5 13. g3 Ng7 14. O-O f5 15.
Nc3 f4 16. gxf4 Bh3 17. Rf2 Ne6 18. f5 Qg5+ 19. Ng4 Nf4 20. Kh1 gxf5 21. exf5
Kh8 22. f6 Rae8 23. Qd2 h5 24. Ne4 Qf5 25. Ng3 Qg5 26. Nxh5 Qxh5 27. Qxf4 Ne5
28. Rg1 Ng6 29. Qd4 Rf7 30. Rg3 Qh4 31. Qd5 Ref8 32. Qf5 Rxf6 33. Qxf6+ Rxf6 34.
Nxf6 Kg7 35. Ne4 Bf5 36. Bd3 Qf4 37. Rfg2 Kf8 38. Ng5 Nh4 39. Bxf5 Qxf5 40. Re2
Qd3 41. Re4 Nf5 42. Rg1 c5 43. Rf4 Ke8 44. Ne4 Ne7 45. Re1 b5 46. Ng3 bxc4 47.
Nf5 Kd8 48. Nxe7 Qd2 49. Rfe4 Qxb2 50. R4e2 Qd4 51. Kg2 c3 52. Nf5 Qd3 53. Ne3
d5 54. Kf2 d4 55. Ng4 Kc7 56. Re7+ Kb8 57. Ne5 Qd2+ 58. Re2 Qh6 59. Ng4 Qh4+ 60.
Kg2 d3 61. R2e6 c2 62. Re8+ Ka7 63. Re1 d2 0-1

[Event "62nd ch-RUS w"]
[Site "Moscow RUS"]
[Date "2012.08.05"]
[Round "3"]
[White "Galliamova, Alisa"]
[Black "Kosintseva, Tatiana"]
[Result "1/2-1/2"]
[WhiteTitle "IM"]
[BlackTitle "GM"]
[WhiteElo "2465"]
[BlackElo "2530"]
[WhiteFideId "4129725"]
[BlackFideId "4133471"]
[EventDate "2012.08.03"]

1. c4 Nf6 2. Nc3 e5 3. g3 d5 4. cxd5 Nxd5 5. Bg2 Nb6 6. e3 Be7 7. Nge2 O-O 8.
O-O c6 9. f4 exf4 10. Nxf4 N8d7 11. d4 Nf6 12. e4 Bg4 13. Qd3 Nh5 14. h3 Nxf4
15. gxf4 Be6 16. d5 f5 17. Qd2 cxd5 18. exd5 Bf7 19. b3 Nc8 20. Qd3 Nd6 21. Ba3
Qa5 22. Nb5 Be8 23. Nxd6 Bxd6 24. Bxd6 Qb6+ 25. Rf2 Qxd6 26. Qd4 Bd7 27. Qe5 Qb6
28. d6 Rae8 29. Qd5+ Re6 30. Re1 Rf6 31. Re5 Rg6 32. Kf1 Qxd6 33. Rxe6 Rxe6 34.
Qxd6 Rxd6 35. Bxb7 Kf7 36. Kg2 Kf6 37. Rc2 h6 38. h4 g5 39. hxg5+ hxg5 40. fxg5+
Kxg5 41. Bf3 Kf4 42. Kf2 1/2-1/2

[Event "62nd ch-RUS w"]
[Site "Moscow RUS"]
[Date "2012.08.05"]
[Round "3"]
[White "Girya, Olga"]
[Black "Ubiennykh, Ekaterina"]
[Result "1-0"]
[WhiteTitle "WGM"]
[BlackTitle "WIM"]
[WhiteElo "2433"]
[BlackElo "2367"]
[WhiteFideId "4195752"]
[BlackFideId "4137582"]
[EventDate "2012.08.03"]

1. e4 e5 2. Nf3 Nc6 3. Nc3 Bb4 4. Nd5 Bc5 5. c3 Nge7 6. d4 exd4 7. cxd4 Bd6 8.
Nc3 Ng6 9. h4 h5 10. Bc4 Qe7 11. Ng5 Nd8 12. Nd5 Qf8 13. e5 c6 14. exd6 cxd5 15.
Bxd5 Qxd6 16. Qf3 Qe7+ 17. Be3 d6 18. Qg3 Be6 19. Be4 f5 20. Nxe6 Qxe6 21. Bc2
O-O 22. O-O d5 23. Qg5 Rc8 24. Bb3 Rc6 25. Qxh5 Rd6 26. Rfe1 Qf7 27. Bd2 Nc6 28.
Rac1 f4 29. Rxc6 bxc6 30. Bb4 Re6 31. Rxe6 Qxe6 32. Bxf8 Qe1+ 33. Kh2 Nxf8 34.
Qf3 Ne6 35. Ba4 Nxd4 36. Qxf4 Qb4 37. Bb3 a5 38. Bd1 Qxb2 39. Bh5 Nc2 40. Qf7+
Kh7 41. Qg6+ Kg8 42. Qe8+ Kh7 43. Bg6+ 1-0

[Event "62nd ch-RUS w"]
[Site "Moscow RUS"]
[Date "2012.08.05"]
[Round "3"]
[White "Kosintseva, Nadezhda"]
[Black "Kovanova, Baira"]
[Result "1/2-1/2"]
[WhiteTitle "GM"]
[BlackTitle "WGM"]
[WhiteElo "2524"]
[BlackElo "2408"]
[WhiteFideId "4134974"]
[BlackFideId "4164083"]
[EventDate "2012.08.03"]

1. d4 Nf6 2. c4 e6 3. Nc3 Bb4 4. e3 O-O 5. Bd3 c5 6. Ne2 d5 7. cxd5 cxd4 8. exd4
Nxd5 9. O-O Nc6 10. a3 Be7 11. Bc2 Nxc3 12. bxc3 e5 13. Be3 Bg4 14. Qd3 g6 15.
Ng3 exd4 16. cxd4 Bf6 17. h3 Be6 18. Rfd1 Rc8 19. Rab1 Nxd4 20. Bxd4 Qxd4 21.
Qxd4 Bxd4 22. Rxd4 Rxc2 23. Rxb7 a6 24. Rb6 a5 25. Ne4 Rfc8 26. Ra6 R2c4 27.
Rxc4 Rxc4 28. Ng5 Ra4 29. Nxe6 fxe6 30. Rxe6 Rxa3 31. Ra6 Ra2 32. Ra8+ Kg7 33.
Ra7+ Kg8 34. g3 a4 35. Kg2 Ra3 36. Ra5 Kg7 37. g4 h6 38. h4 Kf6 39. f3 g5 40.
Ra6+ Kg7 41. Ra7+ Kf6 42. h5 Rc3 43. Rxa4 Rc7 44. Kf2 Kg7 45. Ke3 Re7+ 46. Re4
Ra7 47. Re5 Ra3+ 48. Ke4 Ra4+ 49. Kd5 Ra5+ 50. Ke6 Ra3 51. Rf5 Ra6+ 52. Ke5 Ra5+
53. Kd4 Ra3 54. Ke4 Ra4+ 55. Ke3 Ra3+ 56. Kf2 Ra2+ 57. Kg3 Ra7 58. Rb5 Rc7 59.
Rb6 Ra7 60. Rg6+ Kh7 61. Rd6 Kg7 62. Kf2 Re7 63. Rd5 Kh7 64. f4 gxf4 65. Kf3 Kg7
66. Kxf4 Rf7+ 67. Ke4 Re7+ 68. Re5 Ra7 69. Re6 Ra4+ 70. Kf5 Ra5+ 71. Re5 Ra7 72.
g5 hxg5 73. Kxg5 Rb7 74. h6+ Kh7 75. Kh5 Ra7 76. Rg5 Rb7 77. Rg7+ Rxg7 78. hxg7
Kxg7 1/2-1/2

[Event "62nd ch-RUS w"]
[Site "Moscow RUS"]
[Date "2012.08.06"]
[Round "4"]
[White "Gunina, Valentina"]
[Black "Kovanova, Baira"]
[Result "1/2-1/2"]
[WhiteTitle "IM"]
[BlackTitle "WGM"]
[WhiteElo "2507"]
[BlackElo "2408"]
[WhiteFideId "4167570"]
[BlackFideId "4164083"]
[EventDate "2012.08.03"]

1. d4 Nf6 2. c4 e6 3. a3 c5 4. e3 cxd4 5. exd4 d6 6. Nf3 Be7 7. Nc3 O-O 8. Bd3
b6 9. O-O Bb7 10. Re1 Nbd7 11. Bf4 Nh5 12. Bd2 Nhf6 13. b4 Re8 14. Rc1 h6 15. h3
Bf8 16. Bf4 e5 17. dxe5 Bxf3 18. Qxf3 Nxe5 19. Bxe5 dxe5 20. Rcd1 Qe7 21. Nd5
Nxd5 22. cxd5 Qd6 23. Qe4 g6 24. Bb5 Re7 25. Rc1 Rd8 26. Red1 Rc7 27. Rxc7 Qxc7
28. g4 a5 29. Bc6 Qd6 30. Rb1 axb4 31. axb4 Qc7 32. Kg2 Bd6 33. Rb3 Kg7 34. Qe3
Qe7 35. Qe4 Qc7 36. Re3 Rf8 37. Qb1 f5 38. gxf5 gxf5 39. Qa1 Kh7 40. Ra3 Qg7+
41. Kf1 e4 42. Ra7 1/2-1/2

[Event "62nd ch-RUS w"]
[Site "Moscow RUS"]
[Date "2012.08.06"]
[Round "4"]
[White "Ubiennykh, Ekaterina"]
[Black "Kosintseva, Nadezhda"]
[Result "0-1"]
[WhiteTitle "WIM"]
[BlackTitle "GM"]
[WhiteElo "2367"]
[BlackElo "2524"]
[WhiteFideId "4137582"]
[BlackFideId "4134974"]
[EventDate "2012.08.03"]

1. e4 e5 2. Nf3 Nc6 3. Bb5 a6 4. Ba4 Nf6 5. O-O Be7 6. Re1 b5 7. Bb3 O-O 8. h3
Bb7 9. d3 d5 10. exd5 Nxd5 11. Nxe5 Nxe5 12. Rxe5 Qd6 13. Re4 c5 14. Qf1 Rae8
15. a4 Bd8 16. axb5 axb5 17. Na3 Bc7 18. g3 Qd7 19. c4 Nb4 20. Re3 bxc4 21. Nxc4
Rxe3 22. Bxe3 Nxd3 23. Ra7 Rb8 24. Bc2 Nb4 25. Bd1 Qd5 26. Kh2 Nd3 27. Be2 Qxc4
28. Bxd3 Qd5 29. Bc4 Qf3 30. Be2 Bxg3+ 31. fxg3 Qxe3 32. Ra3 Qd2 33. Rd3 Qxb2
34. Rd7 Rf8 35. Kg1 Qb3 36. Qf4 Bd5 37. Qe5 Be6 38. Rc7 c4 39. h4 h6 40. Kf2 Rd8
41. Qe3 Qb2 42. Ke1 Ra8 43. Kf2 Ra2 44. Ke1 Ra3 45. Qf4 Qb1+ 46. Kf2 Qb6+ 47.
Kg2 Ra2 48. Kf1 Bh3+ 0-1

[Event "62nd ch-RUS w"]
[Site "Moscow RUS"]
[Date "2012.08.06"]
[Round "4"]
[White "Charochkina, Daria"]
[Black "Galliamova, Alisa"]
[Result "0-1"]
[WhiteTitle "WGM"]
[BlackTitle "IM"]
[WhiteElo "2353"]
[BlackElo "2465"]
[WhiteFideId "4180917"]
[BlackFideId "4129725"]
[EventDate "2012.08.03"]

1. d4 d5 2. c4 dxc4 3. e4 Nf6 4. e5 Nd5 5. Bxc4 Nb6 6. Bd3 Nc6 7. Be3 Nb4 8. Be4
N4d5 9. Nc3 c6 10. Nf3 g6 11. O-O Nxe3 12. fxe3 Bh6 13. Qe2 O-O 14. Ne1 f5 15.
exf6 exf6 16. Nd3 Re8 17. Nf4 Be6 18. Rae1 Bf7 19. Bd3 Rc8 20. Qf3 f5 21. Kh1 c5
22. Bb5 Re7 23. Rd1 c4 24. d5 Qd6 25. Ba4 Nxa4 26. Nxa4 Rce8 27. Qh3 Bg7 28.
Rde1 Qb4 29. Nc3 Qxb2 30. Nd1 Qb6 31. g4 c3 32. Re2 Qc5 33. Qg2 Kh8 34. gxf5
gxf5 35. Rff2 Re4 36. Qg5 Bxd5 37. Kg1 Bf7 38. Nd3 Qd6 39. Rg2 Rg4 40. Rxg4 fxg4
41. N1f2 Bc4 42. Qf5 Rd8 0-1

[Event "62nd ch-RUS w"]
[Site "Moscow RUS"]
[Date "2012.08.06"]
[Round "4"]
[White "Ovod, Evgenija"]
[Black "Pogonina, Natalija"]
[Result "0-1"]
[WhiteTitle "IM"]
[BlackTitle "WGM"]
[WhiteElo "2419"]
[BlackElo "2448"]
[WhiteFideId "4131827"]
[BlackFideId "4147855"]
[EventDate "2012.08.03"]

1. d4 Nf6 2. c4 e6 3. Nc3 Bb4 4. e3 O-O 5. Bd3 c5 6. Nf3 b6 7. a3 Bxc3+ 8. bxc3
Bb7 9. Qc2 d6 10. e4 h6 11. d5 Re8 12. O-O Nbd7 13. a4 a5 14. Rb1 Rb8 15. Re1
Nf8 16. Bf4 Ng6 17. Bg3 e5 18. Nh4 Nxh4 19. Bxh4 g5 20. Bg3 Bc8 21. h4 Nh5 22.
Qd2 Kg7 23. hxg5 hxg5 24. Bh2 Rh8 25. f3 Bd7 26. Bc2 Nf4 27. Bg3 Qf6 28. Kf2 g4
29. Rh1 Nxg2 30. Rxh8 Rxh8 31. Bd1 Nf4 32. Rxb6 Nh5 33. Rxd6 Qxd6 34. Qg5+ Qg6
35. Bxe5+ f6 36. Qxg6+ Kxg6 37. Bd6 g3+ 38. Kg2 Kg5 39. f4+ Nxf4+ 40. Kxg3 Rh3+ 0-1

[Event "62nd ch-RUS w"]
[Site "Moscow RUS"]
[Date "2012.08.07"]
[Round "5"]
[White "Girya, Olga"]
[Black "Charochkina, Daria"]
[Result "1-0"]
[WhiteTitle "WGM"]
[BlackTitle "WGM"]
[WhiteElo "2433"]
[BlackElo "2353"]
[WhiteFideId "4195752"]
[BlackFideId "4180917"]
[EventDate "2012.08.03"]

1. d4 Nf6 2. c4 a6 3. Nf3 c5 4. d5 b5 5. a4 Qa5+ 6. Bd2 b4 7. Bg5 Ne4 8. Bf4 g6
9. Qd3 Nf6 10. e4 d6 11. Nbd2 Nh5 12. Be3 Bg7 13. Qc2 f5 14. exf5 Bxf5 15. Qc1
O-O 16. Be2 e5 17. dxe6 Bxe6 18. Ng5 Bd7 19. Nb3 Qc7 20. Qd2 Kh8 21. O-O a5 22.
Rfd1 Ra6 23. Bxh5 gxh5 24. Bf4 Qd8 25. Ne4 Qh4 26. Bxd6 Qxe4 27. Nxc5 Rxd6 28.
Qxd6 Qf5 29. Nxd7 Nxd7 30. Qxd7 Qxf2+ 31. Kh1 Bxb2 32. Rab1 Bc3 33. Qd3 Rg8 34.
Qd5 h4 35. Rf1 Qc2 36. Rbc1 Qxa4 37. Rxc3 1-0

[Event "62nd ch-RUS w"]
[Site "Moscow RUS"]
[Date "2012.08.07"]
[Round "5"]
[White "Kovanova, Baira"]
[Black "Ubiennykh, Ekaterina"]
[Result "1-0"]
[WhiteTitle "WGM"]
[BlackTitle "WIM"]
[WhiteElo "2408"]
[BlackElo "2367"]
[WhiteFideId "4164083"]
[BlackFideId "4137582"]
[EventDate "2012.08.03"]

1. e4 c5 2. Nf3 d6 3. d4 cxd4 4. Nxd4 Nf6 5. Nc3 a6 6. g3 e5 7. Nde2 Be6 8. Bg2
b5 9. h3 Nbd7 10. g4 Nb6 11. Nd5 Nfxd5 12. exd5 Bc8 13. b3 h5 14. g5 h4 15. f4
Be7 16. O-O exf4 17. Nd4 Bxg5 18. Nc6 Qf6 19. Qe1+ Kf8 20. Bxf4 Bxh3 21. Qe3 Re8
22. Qxb6 Bxg2 23. Rae1 Ra8 24. Qb7 Kg8 25. Bxg5 Qxg5 26. Rf5 1-0

[Event "62nd ch-RUS w"]
[Site "Moscow RUS"]
[Date "2012.08.07"]
[Round "5"]
[White "Pogonina, Natalija"]
[Black "Gunina, Valentina"]
[Result "1-0"]
[WhiteTitle "WGM"]
[BlackTitle "IM"]
[WhiteElo "2448"]
[BlackElo "2507"]
[WhiteFideId "4147855"]
[BlackFideId "4167570"]
[EventDate "2012.08.03"]

1. e4 c6 2. d4 d5 3. e5 Bf5 4. Nf3 e6 5. Be2 Ne7 6. O-O h6 7. Nbd2 Bg6 8. Nb3
Nf5 9. a4 Nd7 10. a5 a6 11. c4 Be7 12. cxd5 cxd5 13. Bd3 O-O 14. g4 Nh4 15. Nxh4
Bxd3 16. Qxd3 Bxh4 17. Bd2 f5 18. h3 Rf7 19. f4 Rc8 20. Kh2 Be7 21. Rg1 Nf8 22.
Rg3 Rc7 23. Rag1 Bh4 24. R3g2 Qc8 25. Bc3 Ng6 26. Qe3 Ne7 27. Nd2 fxg4 28. hxg4
g5 29. f5 exf5 30. e6 Rf6 31. gxf5 Rc6 32. Qh3 Nxf5 33. Nf3 Rcxe6 34. Nxh4 Qc7+
35. Kh1 Re3 36. Nf3 Qf4 37. Nxg5 hxg5 38. Rxg5+ Kf8 39. Rg8+ Ke7 40. Bb4+ Kd7
41. R1g7+ Kc6 42. Rc8+ Kb5 43. Rxb7+ Ka4 44. b3+ Kxb3 45. Rc3+ Ka2 46. Qg2+ 1-0

[Event "62nd ch-RUS w"]
[Site "Moscow RUS"]
[Date "2012.08.07"]
[Round "5"]
[White "Galliamova, Alisa"]
[Black "Ovod, Evgenija"]
[Result "1-0"]
[WhiteTitle "IM"]
[BlackTitle "IM"]
[WhiteElo "2465"]
[BlackElo "2419"]
[WhiteFideId "4129725"]
[BlackFideId "4131827"]
[EventDate "2012.08.03"]

1. d4 Nf6 2. c4 e6 3. g3 Bb4+ 4. Bd2 c5 5. Bxb4 cxb4 6. Bg2 O-O 7. e3 d6 8. Ne2
e5 9. O-O Qc7 10. Qb3 a5 11. a3 Na6 12. axb4 axb4 13. Nd2 Be6 14. Qd3 Rfe8 15.
b3 Rad8 16. h3 Qc8 17. g4 h5 18. f3 e4 19. Nxe4 Nxe4 20. fxe4 hxg4 21. hxg4 Bxg4
22. Nf4 Nc7 23. Qd2 Ne6 24. Ra5 f6 25. Nd5 Ng5 26. Rxf6 gxf6 27. Nxf6+ Kf7 28.
Qf2 Nh3+ 29. Bxh3 Bxh3 30. Ng8+ Ke6 31. d5+ 1-0

[Event "62nd ch-RUS w"]
[Site "Moscow RUS"]
[Date "2012.08.09"]
[Round "6"]
[White "Kosintseva, Tatiana"]
[Black "Kovanova, Baira"]
[Result "1-0"]
[WhiteTitle "GM"]
[BlackTitle "WGM"]
[WhiteElo "2530"]
[BlackElo "2408"]
[WhiteFideId "4133471"]
[BlackFideId "4164083"]
[EventDate "2012.08.03"]

1. e4 e5 2. Nf3 Nc6 3. Bb5 a6 4. Ba4 Nf6 5. O-O Be7 6. Re1 b5 7. Bb3 d6 8. c3
O-O 9. h3 Na5 10. Bc2 c5 11. d4 Nd7 12. Nbd2 exd4 13. cxd4 Nc6 14. d5 Nce5 15.
a4 Bb7 16. Nxe5 Nxe5 17. f4 Ng6 18. Nf3 Re8 19. g3 Bf6 20. Ra3 Qd7 21. Kh2 b4
22. Rae3 Bc8 23. Ng1 Bd4 24. R3e2 a5 25. b3 Bxg1+ 26. Kxg1 Qxh3 27. Rg2 h5 28.
Re3 Qg4 29. Qe1 h4 30. gxh4 Qxh4 31. Reg3 Bf5 32. Rh2 Qf6 33. Re2 Bd7 34. f5 Ne5
35. Qf1 g6 36. Rh2 Qd8 37. Qh3 Qf6 38. Bg5 Nf3+ 39. Rxf3 Qxg5+ 40. Kh1 Kf8 41.
Rg3 Qf6 42. Qh7 gxf5 43. e5 dxe5 44. Rh6 1-0

[Event "62nd ch-RUS w"]
[Site "Moscow RUS"]
[Date "2012.08.09"]
[Round "6"]
[White "Charochkina, Daria"]
[Black "Kosintseva, Nadezhda"]
[Result "1/2-1/2"]
[WhiteTitle "WGM"]
[BlackTitle "GM"]
[WhiteElo "2353"]
[BlackElo "2524"]
[WhiteFideId "4180917"]
[BlackFideId "4134974"]
[EventDate "2012.08.03"]

1. e4 e5 2. Nf3 Nc6 3. d4 exd4 4. Nxd4 Bc5 5. Be3 Qf6 6. c3 Nge7 7. Bc4 O-O 8.
O-O b6 9. Nc2 Ng6 10. g3 Bb7 11. f4 d6 12. Nd2 Rae8 13. Qh5 Nb8 14. Bd3 Nd7 15.
Rae1 Qd8 16. Nd4 Nf6 17. Qf3 a5 18. g4 Nh4 19. Qh3 Bxe4 20. Nxe4 Nxe4 21. Bb5
Bxd4 22. cxd4 f5 23. Bxe8 Rxe8 24. Bf2 Ng6 25. gxf5 Nxf4 26. Qb3+ d5 27. Bg3 Nd2
28. Qb5 Rxe1 29. Rxe1 Nf3+ 30. Kf1 Nxe1 31. Bxf4 Nc2 32. Bxc7 Ne3+ 33. Kf2 Qe7
34. Bf4 Ng4+ 35. Kg3 Nf6 36. Be5 h6 37. Qxb6 Ne4+ 38. Kf3 Ng5+ 39. Ke2 Nf7 40.
Qb8+ Kh7 41. Qc7 Qe8 42. Kd2 Nxe5 43. dxe5 Qa4 44. Qc3 Qf4+ 45. Qe3 Qb4+ 46. Kc2
Qa4+ 47. Kc1 Qc4+ 48. Kd1 Qg4+ 49. Qe2 Qxf5 50. Qc2 Kg6 51. Qg2+ Kh7 52. Qxd5
Qb1+ 53. Ke2 Qxb2+ 54. Kf3 Qxh2 55. Qxa5 Qh1+ 56. Ke3 h5 57. e6 Qh3+ 58. Kf2
Qh4+ 59. Kg2 Qg4+ 60. Kf2 Qf4+ 61. Kg2 Qe4+ 62. Kf2 Kg6 63. Qa6 Kf6 64. a4 h4
65. a5 h3 66. Qf1 Kxe6 67. Qxh3+ Kd6 68. Qa3+ Kc6 69. a6 Qf4+ 70. Kg2 Qg4+ 71.
Qg3 Qxg3+ 72. Kxg3 Kb6 73. Kg4 Kxa6 74. Kg5 Kb7 75. Kg6 Kc6 76. Kxg7 1/2-1/2